<?xml version="1.0" encoding="UTF-8"?>
<record
    xmlns:xsi="http://www.w3.org/2001/XMLSchema-instance"
    xsi:schemaLocation="http://www.loc.gov/MARC21/slim http://www.loc.gov/standards/marcxml/schema/MARC21slim.xsd"
    xmlns="http://www.loc.gov/MARC21/slim">

  <leader>00501    a2200169   4500</leader>
  <controlfield tag="005">20250507102235.0</controlfield>
  <datafield tag="020" ind1=" " ind2=" ">
    <subfield code="a">978-0-07-337675-2</subfield>
  </datafield>
  <datafield tag="082" ind1=" " ind2=" ">
    <subfield code="a">658. 403 HAA</subfield>
  </datafield>
  <datafield tag="100" ind1=" " ind2=" ">
    <subfield code="a">HAAG, S.</subfield>
  </datafield>
  <datafield tag="245" ind1=" " ind2=" ">
    <subfield code="a">Information Systems Essentials</subfield>
  </datafield>
  <datafield tag="250" ind1=" " ind2=" ">
    <subfield code="a">3rd Ed.</subfield>
  </datafield>
  <datafield tag="260" ind1=" " ind2=" ">
    <subfield code="a">New York,</subfield>
    <subfield code="b">McGraw-Hill,</subfield>
    <subfield code="c">2009.</subfield>
  </datafield>
  <datafield tag="300" ind1=" " ind2=" ">
    <subfield code="a">xxvi, 412p.: ill.; figure, picture, table.</subfield>
    <subfield code="b">Glossary, index.</subfield>
    <subfield code="c">28cm.</subfield>
  </datafield>
  <datafield tag="700" ind1=" " ind2=" ">
    <subfield code="a">CUMMINGS, M.</subfield>
  </datafield>
  <datafield tag="856" ind1=" " ind2=" ">
    <subfield code="y">Access online book</subfield>
    <subfield code="f">Information Systems</subfield>
    <subfield code="d">www.mhhe.com/Haag</subfield>
  </datafield>
  <datafield tag="942" ind1=" " ind2=" ">
    <subfield code="2">ddc</subfield>
    <subfield code="c">BKS</subfield>
  </datafield>
  <datafield tag="999" ind1=" " ind2=" ">
    <subfield code="c">2085</subfield>
    <subfield code="d">2085</subfield>
  </datafield>
  <datafield tag="952" ind1=" " ind2=" ">
    <subfield code="r">2025-05-07 10:28:57</subfield>
    <subfield code="l">0</subfield>
    <subfield code="o">658. 403 HAA</subfield>
    <subfield code="p">0000007975</subfield>
    <subfield code="v">120000.00</subfield>
    <subfield code="w">2025-05-07</subfield>
    <subfield code="y">BKS</subfield>
    <subfield code="1">0</subfield>
    <subfield code="2">ddc</subfield>
    <subfield code="4">0</subfield>
    <subfield code="7">0</subfield>
    <subfield code="0">0</subfield>
    <subfield code="a">CBEML</subfield>
    <subfield code="b">CBEML</subfield>
    <subfield code="c">GEN</subfield>
    <subfield code="d">2012-07-16</subfield>
    <subfield code="g">40000.00</subfield>
  </datafield>
  <datafield tag="952" ind1=" " ind2=" ">
    <subfield code="r">2025-05-07 10:28:57</subfield>
    <subfield code="l">0</subfield>
    <subfield code="o">658. 403 HAA</subfield>
    <subfield code="p">0000007976</subfield>
    <subfield code="v">120000.00</subfield>
    <subfield code="w">2025-05-07</subfield>
    <subfield code="y">BKS</subfield>
    <subfield code="1">0</subfield>
    <subfield code="2">ddc</subfield>
    <subfield code="4">0</subfield>
    <subfield code="7">0</subfield>
    <subfield code="0">0</subfield>
    <subfield code="a">CBEML</subfield>
    <subfield code="b">CBEML</subfield>
    <subfield code="c">GEN</subfield>
    <subfield code="d">2012-07-16</subfield>
    <subfield code="g">40000.00</subfield>
  </datafield>
  <datafield tag="952" ind1=" " ind2=" ">
    <subfield code="r">2025-05-07 10:28:57</subfield>
    <subfield code="l">0</subfield>
    <subfield code="o">658. 403 HAA</subfield>
    <subfield code="p">0000007977</subfield>
    <subfield code="v">120000.00</subfield>
    <subfield code="w">2025-05-07</subfield>
    <subfield code="y">BKS</subfield>
    <subfield code="1">0</subfield>
    <subfield code="2">ddc</subfield>
    <subfield code="4">0</subfield>
    <subfield code="7">0</subfield>
    <subfield code="0">0</subfield>
    <subfield code="a">CBEML</subfield>
    <subfield code="b">CBEML</subfield>
    <subfield code="c">GEN</subfield>
    <subfield code="d">2012-07-16</subfield>
    <subfield code="g">40000.00</subfield>
  </datafield>
  <datafield tag="952" ind1=" " ind2=" ">
    <subfield code="r">2025-05-07 10:28:57</subfield>
    <subfield code="l">0</subfield>
    <subfield code="o">658. 403 HAA</subfield>
    <subfield code="p">0000007978</subfield>
    <subfield code="v">120000.00</subfield>
    <subfield code="w">2025-05-07</subfield>
    <subfield code="y">BKS</subfield>
    <subfield code="1">0</subfield>
    <subfield code="2">ddc</subfield>
    <subfield code="4">0</subfield>
    <subfield code="7">0</subfield>
    <subfield code="0">0</subfield>
    <subfield code="a">CBEML</subfield>
    <subfield code="b">CBEML</subfield>
    <subfield code="c">GEN</subfield>
    <subfield code="d">2012-07-16</subfield>
    <subfield code="g">40000.00</subfield>
  </datafield>
  <datafield tag="952" ind1=" " ind2=" ">
    <subfield code="r">2025-05-07 10:28:57</subfield>
    <subfield code="l">0</subfield>
    <subfield code="o">658. 403 HAA</subfield>
    <subfield code="p">0000007979</subfield>
    <subfield code="v">120000.00</subfield>
    <subfield code="w">2025-05-07</subfield>
    <subfield code="y">BKS</subfield>
    <subfield code="1">0</subfield>
    <subfield code="2">ddc</subfield>
    <subfield code="4">0</subfield>
    <subfield code="7">0</subfield>
    <subfield code="0">0</subfield>
    <subfield code="a">CBEML</subfield>
    <subfield code="b">CBEML</subfield>
    <subfield code="c">GEN</subfield>
    <subfield code="d">2012-07-16</subfield>
    <subfield code="g">40000.00</subfield>
  </datafield>
  <datafield tag="952" ind1=" " ind2=" ">
    <subfield code="r">2025-05-07 10:28:57</subfield>
    <subfield code="l">0</subfield>
    <subfield code="o">658. 403 HAA</subfield>
    <subfield code="p">0000007980</subfield>
    <subfield code="v">120000.00</subfield>
    <subfield code="w">2025-05-07</subfield>
    <subfield code="y">BKS</subfield>
    <subfield code="1">0</subfield>
    <subfield code="2">ddc</subfield>
    <subfield code="4">0</subfield>
    <subfield code="7">0</subfield>
    <subfield code="0">0</subfield>
    <subfield code="a">CBEML</subfield>
    <subfield code="b">CBEML</subfield>
    <subfield code="c">GEN</subfield>
    <subfield code="d">2012-07-16</subfield>
    <subfield code="g">40000.00</subfield>
  </datafield>
  <datafield tag="952" ind1=" " ind2=" ">
    <subfield code="r">2025-05-07 10:28:57</subfield>
    <subfield code="l">0</subfield>
    <subfield code="o">658. 403 HAA</subfield>
    <subfield code="p">0000007981</subfield>
    <subfield code="v">120000.00</subfield>
    <subfield code="w">2025-05-07</subfield>
    <subfield code="y">BKS</subfield>
    <subfield code="1">0</subfield>
    <subfield code="2">ddc</subfield>
    <subfield code="4">0</subfield>
    <subfield code="7">0</subfield>
    <subfield code="0">0</subfield>
    <subfield code="a">CBEML</subfield>
    <subfield code="b">CBEML</subfield>
    <subfield code="c">GEN</subfield>
    <subfield code="d">2012-07-16</subfield>
    <subfield code="g">40000.00</subfield>
  </datafield>
  <datafield tag="952" ind1=" " ind2=" ">
    <subfield code="r">2025-05-07 10:28:57</subfield>
    <subfield code="l">0</subfield>
    <subfield code="o">658. 403 HAA</subfield>
    <subfield code="p">0000007982</subfield>
    <subfield code="v">120000.00</subfield>
    <subfield code="w">2025-05-07</subfield>
    <subfield code="y">BKS</subfield>
    <subfield code="1">0</subfield>
    <subfield code="2">ddc</subfield>
    <subfield code="4">0</subfield>
    <subfield code="7">0</subfield>
    <subfield code="0">0</subfield>
    <subfield code="a">CBEML</subfield>
    <subfield code="b">CBEML</subfield>
    <subfield code="c">GEN</subfield>
    <subfield code="d">2012-07-16</subfield>
    <subfield code="g">40000.00</subfield>
  </datafield>
  <datafield tag="952" ind1=" " ind2=" ">
    <subfield code="r">2025-05-07 10:28:57</subfield>
    <subfield code="l">0</subfield>
    <subfield code="o">658. 403 HAA</subfield>
    <subfield code="p">0000007983</subfield>
    <subfield code="v">120000.00</subfield>
    <subfield code="w">2025-05-07</subfield>
    <subfield code="y">BKS</subfield>
    <subfield code="1">0</subfield>
    <subfield code="2">ddc</subfield>
    <subfield code="4">0</subfield>
    <subfield code="7">0</subfield>
    <subfield code="0">0</subfield>
    <subfield code="a">CBEML</subfield>
    <subfield code="b">CBEML</subfield>
    <subfield code="c">GEN</subfield>
    <subfield code="d">2012-07-16</subfield>
    <subfield code="g">40000.00</subfield>
  </datafield>
  <datafield tag="952" ind1=" " ind2=" ">
    <subfield code="r">2025-05-07 10:28:57</subfield>
    <subfield code="l">0</subfield>
    <subfield code="o">658. 403 HAA</subfield>
    <subfield code="p">0000007984</subfield>
    <subfield code="v">120000.00</subfield>
    <subfield code="w">2025-05-07</subfield>
    <subfield code="y">BKS</subfield>
    <subfield code="1">0</subfield>
    <subfield code="2">ddc</subfield>
    <subfield code="4">0</subfield>
    <subfield code="7">0</subfield>
    <subfield code="0">0</subfield>
    <subfield code="a">CBEML</subfield>
    <subfield code="b">CBEML</subfield>
    <subfield code="c">GEN</subfield>
    <subfield code="d">2012-07-16</subfield>
    <subfield code="g">40000.00</subfield>
  </datafield>
</record>
